[Event "Rilton Cup"]
[Site "Stockholm"]
[Date "1987.??.??"]
[Round "?"]
[White "Bjork, Carl Magnus"]
[Black "Berg, Michael2"]
[Result "1-0"]
[WhiteElo "2345"]
[BlackElo "2230"]

1.d4 d5 2.c4 e6 3.Nf3 Nf6 4.g3 Be7 5.Bg2 O-O 6.O-O b6 7.cxd5 exd5 8.Nc3 Bb7
9.Qc2 Nbd7 10.Bf4 c5 11.Rfd1 c4 12.Ne5 Rc8 13.Qa4 Nb8 14.Qxa7 Ba6 15.Ng4 Nxg4
16.Bxb8 Bb5 17.Nxd5 Bg5 18.Bc7 Qe8 19.Bf3 Ra8 20.Qxb6 Ra6 21.Qc5 Nxf2 22.Kxf2 Rh6
23.h4 Qd7 24.hxg5 Rh2+ 25.Kg1 Rh3 26.Ne7+ Kh8 27.Ng6+ hxg6 28.Qxf8+ Kh7 29.Be5  1-0

[Event "Rilton Cup"]
[Site "Stockholm"]
[Date "1987.??.??"]
[Round "?"]
[White "Bergstrom, Christer"]
[Black "Berg, Michael2"]
[Result "1-0"]
[WhiteElo "2440"]
[BlackElo "2230"]

1.c4 e6 2.Nf3 d5 3.d4 Be7 4.g3 Nf6 5.Bg2 O-O 6.O-O b6 7.cxd5 exd5 8.Nc3 Bb7
9.Ne5 Nbd7 10.Bg5 c6 11.Nd3 Ne4 12.Bxe7 Qxe7 13.Rc1 f5 14.e3 Rf6 15.Re1 Qd6
16.Qb3 Re8 17.Ne2 Ba6 18.Qc2 Rh6 19.h4 Bxd3 20.Qxd3 Ndf6 21.Nf4 Nh5 22.Nxh5 Rxh5
23.Rc2 Rh6 24.Rec1 Qd7 25.b4 Rd6 26.a4 h6 27.Qb3 Kh8 28.Rd1 Rc8 29.Qa3 Qe7
30.b5 c5 31.dxc5 Rxc5 32.Rxc5 Nxc5 33.Rxd5 Rxd5 34.Bxd5 Qe5 35.Bf3 Qe6 36.a5 Qc4
37.axb6 axb6 38.Qa8+ Kh7 39.Bd5 Qc1+ 40.Kg2 Qc2 41.h5  1-0

[Event "Rilton Cup"]
[Site "Stockholm"]
[Date "1987.??.??"]
[Round "?"]
[White "Inkiov, Ventzislav"]
[Black "Westerinen, Heikki MJ"]
[Result "1/2-1/2"]
[WhiteElo "2485"]
[BlackElo "2370"]

1.d4 d5 2.c4 e6 3.Nf3 Nf6 4.g3 Be7 5.Bg2 O-O 6.O-O dxc4 7.Qc2 a6 8.Qxc4 b5
9.Qc2 Bb7 10.Bf4 Nd5 11.Nbd2 Nd7 12.Nb3 Rc8 13.Rfd1 Nxf4 14.gxf4 Bd5 15.Nc5 Nxc5
16.dxc5 Qe8 17.Ne5 f6 18.Bxd5 exd5 19.Nf3 c6 20.f5 Bd8 21.Kh1 Bc7 22.Rg1 Rf7
23.Rg4 Be5 24.Rag1 Rcc7 25.b4 Rcd7 26.Qb3 Kh8 27.Rh4 Rfe7 28.Nd2 Qf8 29.Qh3 Bb2
30.e3 Bc3 31.Nf3 Re4 32.a3 Rxh4 33.Nxh4 Qe8 34.Rg4 Kg8 35.Nf3 Re7 36.Qg3 Bb2
37.Qd6 Qd7 38.Qb8+ Re8 39.Qg3 Re4 40.h3 Rxg4 41.hxg4 g6 42.Qf4 gxf5 43.gxf5 Qe8
44.Kg2 Kh8 45.Kf1 Kg7 46.Qc7+ Kg8 47.Ke2 Qe4 48.Qxc6 Qc4+ 49.Kd1 Qc1+  1/2-1/2

[Event "SWE-ch"]
[Site "Stockholm"]
[Date "1987.??.??"]
[Round "?"]
[White "Bergstrom, Christer"]
[Black "Renman, Nils Gustaf"]
[Result "0-1"]
[WhiteElo "2435"]
[BlackElo "2455"]

1.c4 e6 2.Nf3 d5 3.d4 Nf6 4.g3 Be7 5.Bg2 O-O 6.O-O dxc4 7.Qc2 a6 8.a4 Nbd7
9.Nbd2 c5 10.dxc5 c3 11.Qxc3 Bxc5 12.Nc4 Nd5 13.Qc2 Qc7 14.e4 Nb4 15.Qb3 e5
16.Ne3 Nf6 17.Nd5 Nfxd5 18.exd5 Bf5 19.Bd2 Bc2 20.Qc3 Rfe8 21.Ne1 Rac8 22.Bh3 Be4
23.Bxc8 Nxd5 24.Qb3 Qxc8 25.Rc1 b6 26.Rc4 Nf6 27.Nf3 Bxf3 28.Rxc5 Qf5 29.Rc3 e4
30.Re1 h5 31.h4 Rd8 32.Bg5 Rd3 33.Rxd3 exd3 34.Bxf6 d2 35.Bc3 Qh3 36.Re8+ Kh7
37.Qc2+ f5  0-1

[Event "URS-FL"]
[Site "Sverdlovsk"]
[Date "1987.??.??"]
[Round "?"]
[White "Gelfand, Boris"]
[Black "Timoshchenko, Gennadi A"]
[Result "1-0"]
[WhiteElo "2510"]
[BlackElo "2490"]

1.d4 Nf6 2.c4 e6 3.Nf3 d5 4.g3 Be7 5.Bg2 O-O 6.O-O dxc4 7.Ne5 Nc6 8.Bxc6 bxc6
9.Nxc6 Qe8 10.Nxe7+ Qxe7 11.Qa4 e5 12.dxe5 Qxe5 13.Qxc4 Be6 14.Qd3 Rad8 15.Qe3 Qh5
16.f3 Rfe8 17.Qg5 Qh3 18.Qc5 Bd5 19.e4 Rxe4 20.fxe4 Ng4 21.Rf2 Nxh2 22.Qxc7 Rc8
23.Rxh2 Rxc7 24.Rxh3 Rxc1+ 25.Kf2 Bxe4 26.g4 g5 27.Re3 Bxb1 28.b4 Kg7 29.b5 h5
30.gxh5 f5 31.a4 f4 32.Re1 Rxe1 33.Kxe1 Be4 34.a5 Kh6 35.Ra4 Bh1 36.Rd4 Kxh5
37.Rd7 Be4 38.Rxa7 g4 39.Re7 Bg2 40.b6 g3 41.b7  1-0

[Event "URS-FL"]
[Site "Sverdlovsk"]
[Date "1987.??.??"]
[Round "?"]
[White "Dokhoian, Yury"]
[Black "Timoshchenko, Gennadi A"]
[Result "1/2-1/2"]
[WhiteElo "2525"]
[BlackElo "2490"]

1.d4 d5 2.c4 e6 3.Nf3 Nf6 4.g3 Be7 5.Bg2 O-O 6.O-O dxc4 7.Ne5 c5 8.dxc5 Bxc5
9.Nd2 c3 10.bxc3 Qc7 11.Nd3 Be7 12.Qb3 Nc6 13.Nc4 e5 14.Bxc6 Qxc6 15.Ncxe5 Qc7
16.Bf4 Be6 17.c4 Bd6 18.Qb2 b6 19.Rac1 Rac8 20.Rfd1 Qe7 21.Qb5 Bh3 22.Re1 h6
23.Nf3 Ba3 24.Rc2 Rfe8 25.Be5 Bg4 26.Bd4 Bc5 27.Bxc5 bxc5 28.Rc3 g5 29.Qb2 Rcd8
30.Rb3 Qe6 31.Qc2 Qf5 32.Qb1 Qe4 33.Qc1 Qf5 34.Qb1 Qe4 35.Qc1 Qf5  1/2-1/2

[Event "URS Army-ch"]
[Site "Tashkent"]
[Date "1987.??.??"]
[Round "?"]
[White "Krasenkow, Michal"]
[Black "Timoshchenko, Gennadi A"]
[Result "1-0"]
[WhiteElo "2420"]
[BlackElo "2495"]

1.d4 d5 2.c4 e6 3.Nf3 Nf6 4.g3 Be7 5.Bg2 O-O 6.O-O dxc4 7.Na3 Bxa3 8.bxa3 Bd7
9.Ne5 Bc6 10.Nxc6 Nxc6 11.Bb2 Nd5 12.Rb1 b5 13.e4 Nb6 14.Ba1 a6 15.d5 exd5
16.exd5 Ne7 17.Qg4 f6 18.Rfe1 Rf7 19.d6 Ned5 20.dxc7 Qxc7 21.a4 bxa4 22.Bd4 Rd8
23.Re6 c3 24.Qe2 g6 25.Bxb6 c2 26.Rc1 Nxb6 27.Rxc2 Qa7 28.Rcc6 Nc8 29.Re8+ Rxe8
30.Qxe8+ Rf8 31.Qe6+ Qf7 32.Bd5  1-0

[Event "URS Army-ch"]
[Site "Tashkent"]
[Date "1987.??.??"]
[Round "?"]
[White "Glek, Igor V"]
[Black "Klovans, Janis"]
[Result "1-0"]
[WhiteElo "2490"]
[BlackElo "2420"]

1.d4 Nf6 2.c4 e6 3.Nf3 d5 4.g3 Be7 5.Bg2 O-O 6.O-O dxc4 7.Na3 Bxa3 8.bxa3 Nc6
9.Bb2 Rb8 10.Qc2 b5 11.Rad1 Bb7 12.Ng5 h6 13.d5 Nb4 14.axb4 hxg5 15.dxe6 Qe7
16.exf7+ Rxf7 17.Bxb7 Rxb7 18.Qg6 Rb6 19.Qxg5 Qxb4 20.Bd4 Re6 21.Rb1 Qa4
22.Rxb5 Qxa2 23.Rb8+ Ne8 24.e3 Qe2 25.Qd5 Rfe7 26.Rc8 Qd3 27.Qg5 Kf7 28.Qh5+ Kg8
29.Rc1 c6 30.Qc5 Kf7 31.Rxc6 Rxc6 32.Qxc6 Rc7 33.Qd5+ Kg6 34.e4 Nf6 35.Qf5+ Kf7
36.Bxf6 gxf6 37.Qh7+  1-0

[Event "Tashkent Hodzhaev"]
[Site "Tashkent"]
[Date "1987.??.??"]
[Round "?"]
[White "Huzman, Alexander"]
[Black "Timoshchenko, Gennadi A"]
[Result "1-0"]
[WhiteElo "2435"]
[BlackElo "2495"]

1.c4 e6 2.Nf3 Nf6 3.g3 Be7 4.Bg2 d5 5.d4 O-O 6.O-O dxc4 7.Qc2 a6 8.Qxc4 b5
9.Qc2 Bb7 10.Bg5 Nbd7 11.Nbd2 Rc8 12.Bxf6 Nxf6 13.Nb3 c5 14.dxc5 Bd5 15.Ne1 Bxb3
16.Qxb3 Bxc5 17.Nd3 Qb6 18.a4 Bd6 19.axb5 axb5 20.Qa2 Rb8 21.Rfc1 Rfc8 22.Rxc8+ Rxc8
23.Qa6 Qxa6 24.Rxa6 Ne8 25.Bc6 Nc7 26.Rb6 Rd8 27.Bxb5 Nd5 28.Rb7 Nb4 29.Nxb4 Bxb4
30.Be8 Rxe8 31.Rxb4 Rc8 32.f4 h5 33.Kf2 Rc1 34.Rb7 Rh1 35.Kg2 Re1 36.Kf3 Rf1+
37.Ke3 h4 38.gxh4 Rh1 39.b4 Rxh2 40.b5 e5 41.b6 exf4+ 42.Kd3 Rh3+ 43.Kc2 Re3
44.Rc7 Rxe2+ 45.Kc3 Re3+ 46.Kb4 Re1 47.Rc3 Re7 48.Kc5 Kh7 49.Rb3 Re8 50.b7 Rb8
51.Kc6 g5 52.Kc7 Re8 53.b8=Q Rxb8 54.Rxb8 g4 55.Rb4 Kg6 56.Rxf4 Kh5 57.Kd6 Kxh4
58.Ke5 Kh3 59.Rxf7  1-0

[Event "URS Army-ch"]
[Site "Tashkent"]
[Date "1987.??.??"]
[Round "?"]
[White "Pigusov, Evgeny"]
[Black "Ivanchuk, Vassily"]
[Result "1/2-1/2"]
[WhiteElo "2545"]
[BlackElo "2660"]

1.c4 e6 2.g3 d5 3.Bg2 Nf6 4.Nf3 Be7 5.d4 O-O 6.Qc2 c5 7.O-O Nc6 8.cxd5 Nb4
9.Qd1 Nbxd5 10.dxc5 Bxc5 11.Nbd2 b6 12.Nb3 Be7 13.Bd2 Bb7 14.Rc1 Rc8  1/2-1/2

[Event "Timisoara"]
[Site "Timisoara"]
[Date "1987.??.??"]
[Round "?"]
[White "Kengis, Edvins"]
[Black "Liang Jinrong"]
[Result "1/2-1/2"]
[WhiteElo "2485"]
[BlackElo "2415"]

1.d4 Nf6 2.Nf3 e6 3.c4 d5 4.g3 Be7 5.Bg2 O-O 6.Qc2 b6 7.O-O Bb7 8.cxd5 exd5
9.Nc3 Na6 10.Bf4 c5 11.Rad1 Rc8 12.Qb1 Nc7 13.dxc5 bxc5 14.Ng5 h6 15.Nge4 Nfe8
16.Nxd5 Nxd5 17.Nc3 Nxc3 18.bxc3 Nd6 19.Bxb7 Rb8 20.Bxd6 Bxd6 21.Qe4 Qe7
22.Qxe7 Bxe7 23.Rd7 Bf6 24.Ba6 Rb2 25.Bc4 Rc2 26.Rxa7 Rxc3 27.Ra4 g5 28.Rb1 Re8
29.Rb5 Re5 30.Bd3 Kg7 31.Rb6 Re7 32.Rc6 Bd4 33.g4 Rxd3 34.exd3 Re1+ 35.Kg2 Re2
36.Kg3 Rd2 37.Kf3 Rxf2+ 38.Ke4 Rxh2 39.Ra8 Rg2 40.Kf3 Rf2+ 41.Kg3 Rd2 42.a4 Rxd3+
43.Kg2 Rd2+ 44.Kg3 Rd3+ 45.Kg2 Rd2+ 46.Kg3  1/2-1/2

[Event "Timisoara"]
[Site "Timisoara"]
[Date "1987.??.??"]
[Round "?"]
[White "Vera, Reynaldo"]
[Black "Barbulescu, Dan"]
[Result "0-1"]
[WhiteElo "2470"]
[BlackElo "2465"]

1.d4 Nf6 2.Nf3 e6 3.g3 d5 4.Bg2 Be7 5.c4 O-O 6.Qc2 Nbd7 7.O-O c6 8.Nbd2 b6
9.b3 Ba6 10.Bb2 Rc8 11.e4 c5 12.exd5 exd5 13.Qf5 dxc4 14.bxc4 cxd4 15.Nxd4 Rc5
16.Qc2 Nb8 17.Nf5 Rxf5 18.Qxf5 Qxd2 19.Bxf6 Bxf6 20.Be4 Qh6 21.Rac1 Bc8 22.Qf3 Nd7
23.Qa3 Bd4 24.Rcd1 Bc5 25.Qc3 Nf6 26.Bg2 Bh3 27.Bxh3 Qxh3 28.Qf3 Ng4 29.Qg2 Qxg2+
30.Kxg2 Ne5 31.Rc1 Rd8 32.Rfd1 Rxd1 33.Rxd1 Kf8 34.Rc1 Bxf2  0-1

[Event "Tirnavia-B"]
[Site "Trnava"]
[Date "1987.??.??"]
[Round "8"]
[White "Ksieski, Zbigniew"]
[Black "Franzen, Josef"]
[Result "1/2-1/2"]
[WhiteElo "2365"]
[BlackElo "2365"]

1.d4 Nf6 2.c4 e6 3.g3 d5 4.Bg2 Be7 5.Nf3 O-O 6.O-O dxc4 7.Qc2 a6 8.Nbd2 b5
9.Ng5 c6 10.b3 cxb3 11.Nxb3 Bb7 12.Nc5 Bxc5 13.dxc5 Nbd7 14.Bb2 h6 15.Ne4 Nxe4
16.Bxe4 Qe7 17.Qc3  1/2-1/2

[Event "Uzhgorod"]
[Site "Uzhgorod"]
[Date "1987.??.??"]
[Round "?"]
[White "Huzman, Alexander"]
[Black "Rozentalis, Eduardas"]
[Result "1/2-1/2"]
[WhiteElo "2435"]
[BlackElo "2455"]

1.d4 e6 2.c4 Nf6 3.g3 d5 4.Nf3 Be7 5.Bg2 O-O 6.O-O dxc4 7.Qc2 a6 8.Qxc4 b5
9.Qc2 Bb7 10.Bg5 Nbd7 11.Bxf6 Nxf6 12.Nbd2 Rc8 13.Nb3 Be4 14.Qc3 Nd5 15.Qc1 c5
16.dxc5 Qc7 17.Qd2 Rfd8 18.Ne1  1/2-1/2

[Event "Uzhgorod"]
[Site "Uzhgorod"]
[Date "1987.??.??"]
[Round "?"]
[White "Gelfand, Boris"]
[Black "Shneider, Aleksandr"]
[Result "1/2-1/2"]
[WhiteElo "2470"]
[BlackElo "2470"]

1.d4 Nf6 2.c4 e6 3.g3 d5 4.Bg2 Be7 5.Nf3 O-O 6.O-O dxc4 7.Ne5 Nc6 8.Bxc6 bxc6
9.Nxc6 Qe8 10.Nxe7+ Qxe7 11.Qa4 Qd6 12.Rd1 Qa6 13.Qxa6 Bxa6 14.Nc3 Rab8 15.e4 Nd7
16.Rb1 Rb7 17.Be3 c6 18.Bf4 f5 19.Bd6 Rd8 20.Ba3 Nf6 21.f3 Rf7 22.h3 g5 23.Na4 c3
24.Nxc3 h5 25.Rd2 g4 26.e5 Nd5 27.Nxd5 Rxd5 28.f4 Rfd7 29.Rbd1 Ra5 30.Rc1 Bb5
31.Kf2 Ra4 32.Bd6 Rxa2 33.Ba3 Rb7 34.Ke3 Ba4 35.hxg4 hxg4 36.Rh1 Rb3+ 37.Rd3 Rb6
38.Rc3  1/2-1/2

[Event "Uzhgorod"]
[Site "Uzhgorod"]
[Date "1987.??.??"]
[Round "?"]
[White "Neverov, Valeriy"]
[Black "Kruppa, Yuri"]
[Result "1/2-1/2"]
[WhiteElo "2440"]
[BlackElo "2455"]

1.d4 d5 2.c4 e6 3.Nf3 Nf6 4.g3 Be7 5.Bg2 O-O 6.O-O dxc4 7.Qc2 a6 8.Qxc4 b5
9.Qc2 Bb7 10.Bd2 Be4 11.Qc1 Bb7 12.Qc2 Be4 13.Qc1 Bb7 14.Bf4 Nd5 15.Nbd2 Nd7
16.Nb3 c5 17.dxc5 Rc8 18.Be3 Nxe3 19.Qxe3 Nxc5 20.Rfd1 Qb6 21.Rac1 Na4 22.Qxb6 Nxb6
23.Na5 Rxc1 24.Rxc1 Rc8 25.Rxc8+ Bxc8 26.Ne5 Bf6 27.Nd3 Na4 28.Nc6 Kf8 29.b3 Nc3
30.e3 Be7 31.Na7 Bd7 32.b4 Nxa2 33.Bb7 Nxb4 34.Nxb4 Bxb4 35.Bxa6 Ke7 36.Bxb5 Kd6
37.f4 Bc5 38.Bxd7 Bxe3+ 39.Kg2 Kxd7 40.Nb5 Kc6 41.Nc3 h5 42.Kf3 Bd4 43.Ne4 Kd5
44.h3 f6 45.Nd2 Bc3 46.Ne4 Be1 47.g4 h4 48.Ke3 Ba5 49.Kd3 Bb4 50.Ke3 Kc4
51.Ke2 Kd4 52.Kf3 Be7 53.Nf2 Bb4 54.Ne4 Kd5 55.Ke3 Bc5+ 56.Kd3 Bb4 57.Ke3  1/2-1/2

[Event "Voronez"]
[Site "Voronez"]
[Date "1987.??.??"]
[Round "?"]
[White "Palatnik, Semon"]
[Black "Tolnai, Tibor"]
[Result "1-0"]
[WhiteElo "2490"]
[BlackElo "2475"]

1.Nf3 Nf6 2.c4 e6 3.g3 d5 4.d4 Be7 5.Bg2 O-O 6.O-O dxc4 7.Qc2 a6 8.Qxc4 b5
9.Qc2 Bb7 10.Bd2 Ra7 11.Rd1 Nbd7 12.Ba5 Qb8 13.b4 Be4 14.Qc1 Bd6 15.Nc3 Bxf3
16.Bxf3 Nb6 17.a4 Nc4 18.axb5 axb5 19.Bc6 Nxa5 20.bxa5 Bb4 21.a6 Qb6 22.Bb7 Ne8
23.Ne4 Nd6 24.Nxd6 Bxd6 25.Rb1 b4 26.Qc4 Rxb7 27.axb7 Qxb7 28.Qd3 Ra8 29.e4 c5
30.Rdc1 cxd4 31.Qxd4 Bf8 32.Qc4 h6 33.Qc6 Qa7 34.Rd1 Qa2 35.Rb2 Qa3 36.Rd7 Ra6
37.Qc2 Qf3 38.Rd8 Rd6 39.Rxd6 Bxd6 40.Rb3 Qf6 41.f4 Qd4+ 42.Kg2 e5 43.Qd3 Qb6
44.fxe5 Bxe5 45.Qc4 Bd6 46.Rf3 Qc7 47.Qxc7 Bxc7 48.Rf5 f6 49.Rb5 Bd6 50.h4 g6
51.Rb6 Be7 52.g4 Kf7 53.h5 gxh5 54.gxh5 Bc5 55.Rb5 Bd6 56.Kf3 Ke6 57.Ke3 Bf8
58.Kd4 Be7 59.Rb8 Bd6 60.Rb6 b3 61.Rxb3 Be5+ 62.Kc4 Bf4 63.Rb5 Bh2 64.Kd4 Bg1+
65.Kd3 Bh2 66.Ke3 Bg1+ 67.Kf3 Bd4  1-0

[Event "Vrnjacka Banja"]
[Site "Vrnjacka Banja"]
[Date "1987.??.??"]
[Round "10"]
[White "Rajkovic, Dusan"]
[Black "Atanasijadis, Antimos"]
[Result "1-0"]
[WhiteElo "2450"]
[BlackElo "2305"]

1.d4 d5 2.Nf3 Nf6 3.c4 e6 4.g3 Be7 5.Bg2 O-O 6.O-O Nc6 7.Nbd2 Ne4 8.a3 a5
9.Qc2 f5 10.b3 Bf6 11.Bb2 Ne7 12.Rfd1 c6 13.Ne5 Bd7 14.a4 Be8 15.Ba3 Kh8
16.Rab1 Bxe5 17.dxe5 Nxd2 18.Qxd2 Bh5  1-0

[Event "Vrnjacka Banja"]
[Site "Vrnjacka Banja"]
[Date "1987.??.??"]
[Round "12"]
[White "Rajkovic, Dusan"]
[Black "Miralles, Gilles"]
[Result "1/2-1/2"]
[WhiteElo "2450"]
[BlackElo "2450"]

1.d4 Nf6 2.c4 e6 3.g3 d5 4.Bg2 Be7 5.Nf3 O-O 6.O-O dxc4 7.Qc2 a6 8.Nbd2 b5
9.Ng5 Ra7 10.b3 h6 11.Ngf3 Nc6 12.Bb2 Nb4 13.Qc1 cxb3 14.Nxb3 Bb7 15.a3 Nbd5
16.Ne5 Nd7 17.Nc6 Bxc6 18.Qxc6 N5b6 19.Na5 Na4 20.Qc2 Nb8 21.Rfc1 Nxb2 22.Qxb2 c5
23.Nb7 Qxd4 24.Qxd4 cxd4 25.a4 bxa4 26.Rxa4 Bf6 27.Na5 Rd7 28.Be4 g6 29.f4 Rd6
30.Rb4 Nd7 31.Nc4 a5 32.Rb7 Rc8 33.Bd3 Rd5 34.Rc2 Kg7 35.Ra7 Rb8 36.Kg2 Nc5
37.Rxa5 Nxd3 38.exd3 Rxa5 39.Nxa5 Rb5 40.Ra2 Rb1 41.Nc4 g5 42.Ra7 Rb3 43.Nd6 Rxd3
44.f5 Be5 45.Nxf7 Kf6 46.Nxh6 exf5 47.Ra6+  1/2-1/2

[Event "Warsaw zt-B"]
[Site "Warsaw"]
[Date "1987.??.??"]
[Round "?"]
[White "Negulescu, Adrian"]
[Black "Prandstetter, Eduard"]
[Result "1/2-1/2"]
[WhiteElo "2395"]
[BlackElo "2430"]

1.c4 e6 2.g3 Nf6 3.Bg2 d5 4.Nf3 Be7 5.d4 O-O 6.O-O dxc4 7.Qc2 a6 8.Qxc4 b5
9.Qc2 Bb7 10.Bd2 Be4 11.Qc1 Qc8 12.Bg5 c5 13.Nbd2 Bb7 14.dxc5 Qxc5 15.Nb3 Qb6
16.Be3 Qd8 17.Bc5  1/2-1/2

[Event "Zenica"]
[Site "Zenica"]
[Date "1987.??.??"]
[Round "?"]
[White "Flear, Glenn C"]
[Black "Garcia Palermo, Carlos"]
[Result "1/2-1/2"]
[WhiteElo "2490"]
[BlackElo "2530"]

1.Nf3 d5 2.c4 e6 3.d4 Nf6 4.g3 Be7 5.Bg2 O-O 6.O-O c6 7.Nbd2 b6 8.Qc2 Bb7
9.e4 Na6 10.a3 Rc8 11.b4 c5 12.dxc5 bxc5 13.b5 Nc7 14.exd5 exd5 15.Ne5 Ne6
16.Bb2 Nd4 17.Qa4 Qc7 18.Rfe1 Bd6 19.Bxd4 cxd4 20.Nd3 a6 21.cxd5 Qc3 22.bxa6 Ra8
23.Nc4 Bxa6 24.Nxd6 Bxd3 25.Qc6 Rxa3 26.Qxc3 Rxc3 27.Ra4 g6 28.Rxd4 Rd8 29.Nb7 Rd7
30.d6 Ba6 31.Na5 Rd3 32.Rxd3 Bxd3 33.Nb7 Ba6 34.Re7 Bxb7 35.Rxd7 Nxd7 36.Bxb7 Kf8
37.f4 Nb6 38.Ba6 Ke8 39.Bb5+ Kd8 40.Kf2 Nc8 41.d7 Nb6 42.Kf3 Nxd7  1/2-1/2

[Event "OHRA-B"]
[Site "Amsterdam"]
[Date "1988.??.??"]
[Round "?"]
[White "Gelfand, Boris"]
[Black "Cifuentes Parada, Roberto"]
[Result "1/2-1/2"]
[WhiteElo "2585"]
[BlackElo "2480"]

1.d4 Nf6 2.Nf3 e6 3.c4 d5 4.g3 Be7 5.Bg2 O-O 6.O-O c6 7.Qc2 b6 8.Nbd2 Bb7
9.e4 Na6 10.e5 Nd7 11.a3 c5 12.cxd5 exd5 13.b3 Nc7 14.Bb2 Ne6 15.Rad1 Rc8
16.Qb1 a5 17.a4 Re8 18.Rfe1 Bf8 19.Nf1 c4 20.Bc3 cxb3 21.Qxb3 Qc7 22.Re3 Qc4
23.N1d2 Qxb3 24.Nxb3 Rc7 25.Bf1 Rec8 26.Bd2 Nb8 27.Ne1 Na6 28.Rc3 Nb4 29.Rxc7 Rxc7
30.Bb5 Na2 31.f4 g6 32.Kf1 Nc3 33.Bxc3 Rxc3 34.Rd3 Rc8 35.Rd2 Bb4 36.Rc2 Rc3
37.Rxc3 Bxc3 38.Nc2 Nc7 39.Bd7 Ba6+ 40.Kf2 Bc4 41.Nc1 Bb2 42.Ne2 b5 43.Ne3 Bd3
44.axb5 Bxb5 45.Bxb5 Nxb5 46.Nxd5 Nxd4 47.Nec3 Bc1 48.Ne3 Ba3 49.Ned5 Bc5
50.Na4 Ba7 51.Ke3 Nf5+ 52.Kf3 h5 53.h3 Nd4+ 54.Ke4 Ne2 55.Ne7+ Kf8 56.Nc6 Bg1
57.Nxa5 Nxg3+ 58.Kf3  1/2-1/2

[Event "NOR-ch"]
[Site "Asker"]
[Date "1988.??.??"]
[Round "4"]
[White "Agdestein, Simen"]
[Black "Elseth, Roar"]
[Result "1-0"]
[WhiteElo "2595"]
[BlackElo "2300"]

1.c4 e6 2.g3 d5 3.Bg2 Nf6 4.Nf3 Be7 5.d4 O-O 6.Nc3 c5 7.cxd5 Nxd5 8.O-O Nc6
9.Nxd5 exd5 10.dxc5 Bxc5 11.Bg5 f6 12.Bd2 Re8 13.e3 Bf5 14.Qb3 Bb6 15.Bc3 Be4
16.Rad1 Kh8 17.Nh4 Qc8 18.Bxe4 dxe4 19.Rd6 Ne5 20.Rfd1 Qg4 21.Bxe5 fxe5 22.Qd5 Rf8
23.Rd2 Qh3 24.Qxe4 Rac8 25.Nf3 Rc1+ 26.Rd1  1-0

[Event "NOR-ch"]
[Site "Asker"]
[Date "1988.??.??"]
[Round "6"]
[White "Ostenstad, Berge"]
[Black "Diesen, Bruce"]
[Result "1-0"]
[WhiteElo "2405"]
[BlackElo "2335"]

1.d4 Nf6 2.c4 e6 3.g3 Be7 4.Bg2 d5 5.Nf3 O-O 6.O-O dxc4 7.Qc2 a6 8.Qxc4 b5
9.Qc2 Bb7 10.Bf4 Nd5 11.Nc3 Nxf4 12.gxf4 Nc6 13.Rfd1 Nb4 14.Qc1 Qd6 15.e3 Rfd8
16.a3 Nd5 17.Ne4 Qb6 18.Qc2 a5 19.Nc5 Bc6 20.Rac1 Be8 21.f5 exf5 22.Qxf5 Qh6
23.Ne5 c6 24.Nb7 Rdb8 25.Bxd5 cxd5 26.Rc7 Qg5+ 27.Qxg5 Bxg5 28.Nd6 b4 29.Nxe8 Rxe8
30.a4 f5 31.f4 Bd8 32.Rc5 Bb6 33.Rxd5 Rac8 34.Rd2 b3 35.Rb5 Rc2 36.Rf2 Re6
37.Rxb3 Rc1+ 38.Rf1 Rc2 39.Rc3  1-0

[Event "FRG-ch qual"]
[Site "Bad Neustadt"]
[Date "1988.??.??"]
[Round "6"]
[White "Wachinger, Guenther"]
[Black "Degen, Vladimir"]
[Result "0-1"]
[WhiteElo "2305"]
[BlackElo "2255"]

1.c4 e6 2.g3 d5 3.Bg2 Nf6 4.Nf3 Be7 5.d4 O-O 6.Qc2 dxc4 7.Nbd2 a6 8.a4 Bd7
9.O-O Bc6 10.Qxc4 Ne4 11.Qc2 f5 12.Nc4 Nd7 13.b3 Bf6 14.Ba3 Re8 15.Rad1 Bd5
16.Ne3 c6 17.Ne1 Qb6 18.Nc4 Qa7 19.f3 Bxd4+ 20.Rxd4 Bxc4 21.Qxc4 Ne5 22.Qc1 Qxd4+
23.e3 Qd5 24.fxe4 fxe4 25.Qc2 Ng4 26.Bxe4 Nxe3 27.Bxd5 Nxc2 28.Bxe6+ Rxe6
29.Nxc2 h6 30.Bc5 Rd8 31.Rf2 Rd3 32.b4 a5 33.bxa5 Re4 34.Bb6 Rxa4 35.Ne3 c5
36.Bxc5 Rxa5 37.Bb4 Ra1+ 38.Nf1 Rb1 39.Bc5 b5 40.Kg2 b4 41.Be7 Rd7 42.Bc5 b3
43.Rf8+ Kh7 44.Rb8 b2 45.Ba3 Ra7 46.Bc5 Rc7 47.Be3 Rc2+ 48.Nd2 Rd1 49.Kf3 Rcxd2
50.Bxd2 Rxd2 51.h4 Kg6 52.g4 Kf6 53.Rb5 Ke6 54.Kf4 Kd6 55.Rb8 Kc7 56.Rb3 Kc6
57.Rb8 Kc5 58.Ke3 Rh2 59.Kf4 g6 60.g5 h5 61.Ke5 Rf2 62.Rc8+ Kb4 63.Kd4 Kb3  0-1

[Event "Baden-Baden"]
[Site "Baden-Baden"]
[Date "1988.??.??"]
[Round "?"]
[White "Suba, Mihai"]
[Black "Braun, Michael"]
[Result "1/2-1/2"]
[WhiteElo "2535"]
[BlackElo "2325"]

1.Nf3 d5 2.c4 e6 3.g3 Nf6 4.Bg2 Be7 5.d4 O-O 6.O-O dxc4 7.Qc2 a6 8.Qxc4 b5
9.Qc2 Bb7 10.Bd2 Nc6 11.e3 Nb4 12.Bxb4 Bxb4 13.Nbd2 c5 14.dxc5 Rc8 15.Nb3 Be4
16.Qc1 Qe7 17.Nfd4 e5 18.Bxe4 Nxe4 19.Nf3 Bxc5 20.Qc2 Qb7 21.Qe2 Rfe8 22.Rac1 Bb6
23.Rxc8 Qxc8 24.Rc1 Qb7 25.Nbd2 Nf6 26.Nb1 e4 27.Nfd2 Nd7 28.Nc3 Nc5 29.Rd1 Ba5
30.Nb3 Nxb3 31.axb3 Bxc3 32.bxc3 Qc6 33.Qc2 h5 34.Rd4 h4 35.c4 bxc4 36.Rxc4 Qe6
37.Rc6 Qg4 38.Rxa6 Qf3 39.Qc1 hxg3 40.fxg3 Rd8 41.Ra1 Rd3 42.b4 Kh7 43.Rb1 Rxe3
44.Qf1 Qh5 45.Qf4  1/2-1/2

[Event "Balatonbereny op"]
[Site "Balatonbereny"]
[Date "1988.??.??"]
[Round "4"]
[White "Krasenkow, Michal"]
[Black "Madl, Ildiko"]
[Result "1-0"]
[WhiteElo "2460"]
[BlackElo "2380"]

1.Nf3 Nf6 2.c4 e6 3.g3 d5 4.d4 Be7 5.Bg2 O-O 6.O-O dxc4 7.Na3 Bxa3 8.bxa3 Bd7
9.Ne5 Bc6 10.Nxc6 Nxc6 11.Bb2 Qd6 12.Rc1 b6 13.e4 e5 14.f4 Rad8 15.d5 exf4
16.gxf4 Rfe8 17.Qc2 Nb8 18.Kh1 Qe7 19.Qc3 Na6 20.Rcd1 Nc5 21.e5 Nfe4 22.Qh3 h6
23.Ba1 Rd7 24.Rd4 Red8 25.Rxe4 Rxd5 26.Re3 Rd3 27.Rg1 Rd1 28.Qg4 Nd3 29.Qg3 Rxg1+
30.Kxg1 Qc5 31.e6 c3 32.e7 Re8 33.Kf1 Nc1 34.Rxc3 Qxe7 35.Re3  1-0

[Event "URS-ch otbor56"]
[Site "Barnaul"]
[Date "1988.??.??"]
[Round "?"]
[White "Shneider, Aleksandr"]
[Black "Kudriashov, Anatoli"]
[Result "1/2-1/2"]
[WhiteElo "2465"]
[BlackElo "2390"]

1.d4 d5 2.Nf3 Nf6 3.c4 e6 4.g3 Be7 5.Bg2 O-O 6.O-O b6 7.cxd5 exd5 8.Nc3 Bb7
9.Bf4 Na6 10.Ne1 c5 11.dxc5 Nxc5 12.Rc1 Re8 13.Nb5 a6 14.Nd4 Bd6 15.Nd3 Nxd3
16.Qxd3 Bxf4 17.gxf4 Qd6 18.e3 Rac8 19.Nf5 Qe6 20.Nd4 Qd6 21.Ne2 Rc5 22.Rfd1 Rec8
23.Qd4 Qe6 24.h3 h6 25.Qe5 Qd7 26.Nc3 Rc4 27.b3 R4c5 28.Ne2 a5 29.Qd4 Ba6
30.Rxc5 bxc5 31.Qd2 a4 32.Ng3 Bb7 33.b4 d4  1/2-1/2

[Event "GMA-Open"]
[Site "Belgrade"]
[Date "1988.??.??"]
[Round "?"]
[White "Razuvaev, Yuri S"]
[Black "Ilincic, Zlatko"]
[Result "1-0"]
[WhiteElo "2535"]
[BlackElo "2445"]

1.d4 Nf6 2.c4 e6 3.g3 d5 4.Nf3 Be7 5.Bg2 O-O 6.O-O Nbd7 7.Qc2 c6 8.b3 b6
9.Rd1 Bb7 10.Nc3 Qc7 11.Bf4 Bd6 12.Bxd6 Qxd6 13.e4 Qe7 14.Re1 Rfd8 15.Rad1 Rac8
16.h3 Ba8 17.Nd2 Qf8 18.e5 Ne8 19.Qb2 c5 20.cxd5 cxd4 21.Nb5 Rc5 22.Nxd4 Bxd5
23.b4 Bxg2 24.bxc5 Bd5 25.cxb6 axb6 26.Nb5 Ra8 27.a3 Qe7 28.Qb4 Qg5 29.Qg4 Qh6
30.Nb1 Nc5 31.N1c3 Bc6 32.h4 g6 33.Qg5 Qf8 34.Nd4 Bb7 35.Ncb5 h6 36.Qf4 Bd5
37.Re3 Ra4 38.Nc3 Rxa3 39.Nxd5 Rxe3 40.Nxe3  1-0

[Event "GMA-Open"]
[Site "Belgrade"]
[Date "1988.??.??"]
[Round "?"]
[White "Savchenko, Stanislav"]
[Black "Samovojska, Damir"]
[Result "1-0"]
[WhiteElo "2480"]
[BlackElo "2365"]

1.d4 Nf6 2.c4 e6 3.Nf3 d5 4.g3 Be7 5.Bg2 O-O 6.O-O c6 7.Qc2 Ne4 8.b3 Nd7
9.Nbd2 f5 10.Ne1 Qa5 11.Nxe4 fxe4 12.Bb2 b5 13.c5 e5 14.f3 exf3 15.exf3 exd4
16.Nd3 Bf6 17.Rfe1 Qd8 18.Qf2 a5 19.Nf4 Nxc5 20.Bxd4 Na6 21.Nh5 Bxd4 22.Qxd4 Qc7
23.Kh1 Qf7 24.Qh4 Ra7 25.Re5 g6 26.Rae1 c5 27.Re7 Rxe7 28.Rxe7 gxh5 29.Rxf7 Rxf7
30.Qg5+  1-0

[Event "GMA-Open"]
[Site "Belgrade"]
[Date "1988.??.??"]
[Round "?"]
[White "Hulak, Krunoslav"]
[Black "Pigusov, Evgeny"]
[Result "1/2-1/2"]
[WhiteElo "2490"]
[BlackElo "2530"]

1.d4 Nf6 2.c4 e6 3.g3 d5 4.Bg2 Be7 5.Nf3 O-O 6.O-O dxc4 7.Qc2 a6 8.Qxc4 b5
9.Qc2 Bb7 10.Bg5 Nbd7 11.Nbd2 Rc8 12.Bxf6 Nxf6 13.Nb3 c5 14.dxc5 a5 15.a4 Be4
16.Qc3 b4 17.Qe3 Qd5 18.Rfd1 Qh5 19.Rac1  1/2-1/2

[Event "Berlin Neukoelln"]
[Site "Berlin-West"]
[Date "1988.??.??"]
[Round "?"]
[White "Hausner, Ivan"]
[Black "Cladouras, Panagiotis"]
[Result "1/2-1/2"]
[WhiteElo "2425"]
[BlackElo "2380"]

1.d4 Nf6 2.c4 e6 3.g3 Be7 4.Bg2 d5 5.Nf3 O-O 6.O-O dxc4 7.Ne5 Nc6 8.Bxc6 bxc6
9.Nxc6 Qd7 10.Nxe7+ Qxe7 11.Qa4 Qd6 12.Rd1 Qa6 13.Nc3 Rb8 14.Qxa6 Bxa6 15.e4 Nd7
16.b3 cxb3 17.axb3 Rxb3 18.Rxa6 Rxc3 19.Rxa7 Nf6 20.Ba3 Rc8 21.Re1 h6 22.Re2 Rd3
23.Bb2 c5 24.dxc5 Rxc5 25.Ra8+ Kh7 26.Bxf6 gxf6 27.Rb2 f5 28.Rb7 fxe4 29.Rxf7+ Kg6  1/2-1/2